Mlbb Characters Quiz 2026 - Statistics

General Stats
  • This quiz has been taken 166 times
  • The average score is 58 of 131
Answer Stats
Hint Heroes % Correct
A Alucard
82%
L Layla
75%
M Miya
74%
A Alice
70%
F Fanny
67%
H Hanabi
63%
N Nana
63%
T Tigreal
63%
G Gusion
61%
A Aamon
60%
D Diggie
60%
F Franco
60%
G Granger
60%
L Lesley
60%
V Vale
60%
Z Zilong
60%
A Aldous
58%
A Angela
58%
A Aulus
58%
A Aurora
58%
A Akai
56%
D Dyroth
56%
H Harley
56%
A Argus
54%
C Claude
54%
C Clint
54%
H Hayabusa
54%
K Kagura
54%
B Balmond
53%
B Baxia
53%
B Belerick
53%
J Johnson
53%
L Lylia
53%
S Silvanna
53%
Z Zhuxin
53%
E Estes
51%
L Lancelot
51%
L Ling
51%
Y Yu Zhong
51%
E Eudora
49%
F Freya
49%
S Sora
49%
V Vexana
49%
Z Zetian
49%
A Alpha
47%
A Atlas
47%
B Brody
47%
C Chou
47%
F Floryn
47%
H Harith
47%
I Ixia
47%
P Pharsa
47%
S Saber
47%
C Chang'e
46%
G Grock
46%
H Helcurt
46%
K Kadita
46%
Y Yin
46%
B Bane
44%
F Faramis
44%
G Gatotkaca
44%
G Guinevere
44%
K Karrie
44%
L Lunox
44%
O Obsidia
44%
O Odette
44%
T Thamuz
44%
W Wanwan
44%
X Xavier
44%
B Benedetta
42%
C Carmilla
42%
C Cici
42%
C Cyclops
42%
E Esmeralda
42%
L Leomord
42%
S Sun
42%
V Valir
42%
B Bruno
40%
K Kalea
40%
K Karina
40%
L Lapu-Lapu
40%
R Rafaela
40%
S Selena
40%
T Terizla
40%
Y Yve
40%
C Cecilion
39%
I Irithel
39%
U Uranus
39%
X X.borg
39%
B Badang
37%
H Hilda
37%
M Minotaur
37%
M Moskov
37%
N Natan
37%
R Roger
37%
R Ruby
37%
V Valentina
37%
A Arlott
35%
B Beatrix
35%
C Chip
35%
G Gloo
35%
K Kimmy
35%
L Lukas
35%
N Novaria
35%
J Joy
33%
J Julian
33%
L Lolita
33%
M Mathilda
33%
M Melissa
33%
P Paquito
33%
Z Zhask
32%
F Fredrinn
30%
H Hanzo
30%
H Hylos
30%
J Jawhead
30%
K Kaja
30%
K Khaleed
30%
K Khufra
30%
M Masha
30%
N Natalia
30%
E Edith
28%
L Lou yi
28%
M Minsitthar
28%
P Popol and Kupa
28%
B Barats
26%
S Suyuo
26%
N Nolan
25%
G Gord
23%
P Phoveus
23%
M Martis
21%
Y Yi Shun Shin
18%
No matching quizzes found
Score Distribution
Percent of People with Each Score
Percentile by Number Answered
Your Score History
You have not taken this quiz